Counties of U.S. State Capitals - Statistics

General Stats
  • This quiz has been taken 19 times
  • The average score is 29 of 50
Answer Stats
Capital County % Correct
Denver Denver
100%
Oklahoma City Oklahoma
100%
Honolulu Honolulu
93%
Juneau Juneau
93%
Phoenix Maricopa
93%
Sacramento Sacramento
93%
Santa Fe Santa Fe
93%
Albany Albany
87%
Atlanta Fulton | DeKalb
87%
Montgomery Montgomery
87%
Providence Providence
87%
Dover Kent
80%
Richmond Richmond
80%
Raleigh Wake | Durham
80%
Carson City Carson City
73%
Frankfort Franklin
73%
Columbus Franklin | Delaware | Fairfield
73%
Boise Ada
67%
Des Moines Polk | Warren
67%
Madison Dane
60%
Baton Rouge East Baton Rouge
60%
Austin Travis | Hays | Williamson
60%
Montpelier Washington
60%
Annapolis Anne Arundel
53%
Cheyenne Laramie
53%
Tallahassee Leon
53%
Indianapolis Marion
53%
Salem Marion
53%
Nashville Davidson
47%
Little Rock Pulaski
47%
Springfield Sangamon
47%
Boston Suffolk
47%
Olympia Thurston
47%
Jackson Hinds
40%
Lansing Ingham | Eaton | Clinton
40%
Charleston Kanawha
40%
Lincoln Lancaster
40%
Saint Paul Ramsay
40%
Bismarck Burleigh
33%
Harrisburg Dauphin
33%
Augusta Kennebec
33%
Trenton Mercer
33%
Columbia Richland | Lexington | Kershaw
33%
Salt Lake City Salt Lake County
33%
Topeka Shawnee
33%
Pierre Hughes
27%
Helena Lewis and Clark
27%
Concord Merrimack
27%
Jefferson City Cole
20%
Hartford Capitol
13%
No matching quizzes found
Score Distribution
Percent of People with Each Score
Percentile by Number Answered
Your Score History
You have not taken this quiz